| 000 | 02442nam0a2200385 4500 | ||
|---|---|---|---|
| 001 | RU\NLR\BIBL_A\012279869 | ||
| 005 | 20200710150419.0 | ||
| 010 |
_a978-5-98511-440-9 _9200 |
||
| 021 |
_aRU _bКН-П-20-011846 _9КН-П-20-0936 |
||
| 035 | _a(NLR Aleph) 012279869 | ||
| 035 | _a(RuMoRGB)010288591 | ||
| 090 |
_a11212675 _c11212675 |
||
| 100 | _a20200625d2020 u y0rusy50 ca | ||
| 101 | 0 | _arus | |
| 102 | _aRU | ||
| 105 | _ay|||j|||000zy | ||
| 181 | 0 |
_ai _baxxe |
|
| 182 | 0 | _an | |
| 200 | 1 |
_aКогнитивные нарушения в пожилом возрасте _eучебно-методическое пособие _e[для неврологов, психиатров, клинических психологов и врачей других специальностей] _fК.В. Фирсов, А.С. Котов _gМинистерство здравоохранения Московской области, Государственное бюджетное учреждение здравоохранения Московской области "Московский областной научно-исследовательский клинический институт им. М.Ф. Владимирского", Факультет усовершенствования врачей |
|
| 203 |
_aТекст _bвизуальный _cнепосредственный |
||
| 210 |
_aМосква _cГБУЗ МО МОНИКИ им. М. Ф. Владимирского _d2020 |
||
| 215 |
_a23 с. _d21 |
||
| 300 | _aНа обороте тит. л. авт.: К.В. Фирсов - канд. психол. наук, А.С. Котов - д-р мед. наук, проф. | ||
| 320 | _aБиблиогр.: с. 22-23 (19 назв.) | ||
| 606 | 1 |
_aПознавательная деятельность _xРасстройства у пожилых и старых людей _jУчебно-методические пособия _2nlr_sh2 _3RU\NLR\AUTH\661441468 |
|
| 610 | 0 | _aкогнитивные расстройства в пожилом и старческом возрасте | |
| 686 | 1 | _aР645.95я77 | |
| 686 | 1 | _aР64-32я77 | |
| 700 | 1 |
_aФирсов _bК. В. _gКонстантин Владимирович |
|
| 701 | 1 |
_aКотов _bА. С. _gАлексей Сергеевич |
|
| 942 | _cBOOK | ||
| 980 | _aNBR | ||
| 980 | _aNB | ||